Privilegia Sacrae Congregationis Fratrum Regulam Primitivam Ordinis B. Mariae de Monte Carmeli profitentium, qui Discalceati nuncupantur

Detalles Bibliográficos
Autor Corporativo: Carmelitas
Formato: Libro
Lenguaje:Undetermined
Latin
Publicado: Madriti [sic] : apud Petrum Gomezium Aragonium, typographum Regium, 1591.
Materias:
Colección:Banco de datos
Acervo:Museo Virreinal de Zinacantepec. Estado de México
Descripción Física:56, [7] h. ; 4°
Tema general:Religiosos
Notas:Portada con escudo en grabado xilográfico. Marca de fuego: ilegible. Encuadernación en pergamino. Daños en la encuadernación
LEADER 00745nam a2200181Ia 4500
008 150723s9999 xx 000 0 und d
041 0 |a lat 
110 1 |a Carmelitas 
245 1 0 |a Privilegia Sacrae Congregationis Fratrum Regulam Primitivam Ordinis B. Mariae de Monte Carmeli profitentium, qui Discalceati nuncupantur 
260 |a Madriti [sic] : apud Petrum Gomezium Aragonium, typographum Regium, 1591. 
300 |a 56, [7] h. ; 4° 
500 |a Portada con escudo en grabado xilográfico. Marca de fuego: ilegible. Encuadernación en pergamino. Daños en la encuadernación 
610 1 4 |a Carmelitas 
650 1 0 |a Religiosos 
949 |a 4171 
942 |c ZINACA 
943 |g Museo Virreinal de Zinacantepec. Estado de México 
999 |c 1107010  |d 1107010